|
|
|
|
| LEADER |
00742nab a2200205 i 4500 |
| 001 |
publ17444 |
| 005 |
20191122082754.0 |
| 008 |
191122s2018 hu o 0|| zxx d |
| 022 |
|
|
|a 0006-7768
|
| 024 |
7 |
|
|a 10.7188/bvsz.2018.94.4.3
|2 doi
|
| 024 |
7 |
|
|a 30347573
|2 mtmt
|
| 040 |
|
|
|a SZTE Publicatio Repozitórium
|b hun
|
| 041 |
|
|
|a zxx
|
| 100 |
2 |
|
|a Csörgő Sándorné Bata Zsuzsanna
|
| 245 |
1 |
2 |
|a A pikkelysömör patomechanizmusa
|h [elektronikus dokumentum] /
|c Csörgő Sándorné Bata Zsuzsanna
|
| 260 |
|
|
|c 2018
|
| 300 |
|
|
|a 178-181
|
| 490 |
0 |
|
|a BŐRGYÓGYÁSZATI ÉS VENEROLÓGIAI SZEMLE
|v 94 No. 4
|
| 700 |
0 |
1 |
|a Gyulai Rolland Péter
|e aut
|
| 856 |
4 |
0 |
|u http://publicatio.bibl.u-szeged.hu/17444/1/bvsz_2018_4_06_-_bata-csorgo.pdf
|z Dokumentum-elérés
|